00975nam a2200205Ia 4500952009800000952010300098999001700201008004100218020001500259050002300274100003200297245007600329260004400405300003500449500005400484505015600538519004400694650002400738942000700762 00102lcc4070a22b22d2010-06-02l0oQ180.M4 P47p11 008580r2023-07-13t1w2012-06-26yLB 00102lcc4070a07b07d2013-01-26l0oQ180 M4 P47 1994p07 003759r2013-01-26t1w2013-01-26yLB c72593d72593120626s1994 mx a 000 0 spa d a9686664819 aQ180.M4 bP47 1994 aPérez Tamayo, Ruyeeditor aPalabras académicasb: Conferencias 1984-1993c/ Ruy, Pérez Tamayo  aMéxicob: El Colegio Nacionalc, 1994 a776 páginas bIlustraciones  aIncluye: Prólogo (pp. 1-3), Notas (pp. 769-776) aCiencia, cultura y educación superior (1984-1993) Del oficio médico (1985-1991) Clío médica (1985-1992) Personas y personajes (1984-1990) a Material Complementario /d(11 008580) aCIENCIAS - MÉXICO cLB